000 00961nam a22002537a 4500
005 20170124103024.0
010 _aA-107961
020 _c3.00
035 _aA-107961
037 _bCen Lib/Ret
040 _aDPL
_bHN
082 _a
_bयादव
100 _aयादव, राजेंद्र
_961543
245 _aअनपे पार /
_cराजेंद्र यादव
246 _aApne paar /
_bby Rajendra Yadav
260 _a दिल्ली
_bनेशनल पब्लिशिंग हाउस
_c1968
270 _a2/35, अनासरी रोड, दरयागंज
_b दिल्ली
_e110002
300 _a116पृ.
_c16सेमी(सजिल्द)
650 _aहिंदी साहित्य
_961544
650 _aहिंदी कहानियां
_92082
650 _aHindi literature
_961545
650 _aHindi stories
_961546
942 _2ddc
_cHN
_h
_mयादव
999 _c115463
_d115463